Использование коэффициента взаимосвязи для анализа и расчёта надёжности схем электрических соединений; Современные техника и технологии; Т. 1

Bibliographic Details
Parent link:Современные техника и технологии: сборник трудов XV Международной научно-практической конференции студентов, аспирантов и молодых ученых, Томск, 4-8 мая 2009 г/ Национальный исследовательский Томский политехнический университет (ТПУ).— , 2009
Т. 1.— 2009.— [С. 69-70]
Main Author: Митряшкин А. Н.
Other Authors: Шмойлов А. В. Анатолий Васильевич
Summary:Заглавие с титульного листа
Электронная версия печатной публикации
Language:Russian
Published: 2009
Subjects:
Online Access:http://www.lib.tpu.ru/fulltext/c/2009/C01/V1/033.pdf
Format: Electronic Book Chapter
KOHA link:https://koha.lib.tpu.ru/cgi-bin/koha/opac-detail.pl?biblionumber=240715

MARC

LEADER 00000naa2a2200000 4500
001 240715
005 20251209095437.0
035 |a (RuTPU)RU\TPU\book\261974 
035 |a RU\TPU\book\261162 
090 |a 240715 
100 |a 20130624d2009 k y0rusy50 ca 
101 0 |a rus 
102 |a RU 
135 |a drnn ---uucaa 
181 0 |a i  
182 0 |a b 
200 1 |a Использование коэффициента взаимосвязи для анализа и расчёта надёжности схем электрических соединений  |f А. Н. Митряшкин, А. В. Шмойлов 
203 |a Текст  |c электронный 
215 |a 1 файл (353 Кб) 
300 |a Заглавие с титульного листа 
300 |a Электронная версия печатной публикации 
337 |a Adobe Reader 
461 0 |0 (RuTPU)RU\TPU\book\261117  |t Современные техника и технологии  |o сборник трудов XV Международной научно-практической конференции студентов, аспирантов и молодых ученых, Томск, 4-8 мая 2009 г  |o в 3 т.  |f Национальный исследовательский Томский политехнический университет (ТПУ)  |d 2009 
463 0 |0 (RuTPU)RU\TPU\book\261157  |t Т. 1  |v [С. 69-70]  |d 2009 
610 1 |a электронный ресурс 
610 1 |a труды учёных ТПУ 
610 1 |a коэффициенты взаимосвязи 
610 1 |a надежность 
610 1 |a анализ 
610 1 |a расчет 
610 1 |a электрические соединения 
610 1 |a схемы 
700 1 |a Митряшкин  |b А. Н. 
701 1 |a Шмойлов  |b А. В.  |c специалист в области электроэнергетики  |c доцент Томского политехнического университета, кандидат технических наук  |f 1939-  |g Анатолий Васильевич  |3 (RuTPU)RU\TPU\pers\26025 
801 1 |a RU  |b 63413507  |c 20130617 
801 2 |a RU  |b 63413507  |c 20131024  |g RCR 
856 4 |u http://www.lib.tpu.ru/fulltext/c/2009/C01/V1/033.pdf 
942 |c CF